<?xml version="1.0" encoding="UTF-8"?>
<record
    xmlns:xsi="http://www.w3.org/2001/XMLSchema-instance"
    xsi:schemaLocation="http://www.loc.gov/MARC21/slim http://www.loc.gov/standards/marcxml/schema/MARC21slim.xsd"
    xmlns="http://www.loc.gov/MARC21/slim">

  <leader>00717    a2200229   4500</leader>
  <controlfield tag="005">20260325125107.0</controlfield>
  <controlfield tag="008">251119b        |||||||| |||| 00| 0 eng d</controlfield>
  <datafield tag="020" ind1=" " ind2=" ">
    <subfield code="a">978-81-956020-3-2</subfield>
  </datafield>
  <datafield tag="041" ind1=" " ind2=" ">
    <subfield code="a">Eng</subfield>
  </datafield>
  <datafield tag="082" ind1=" " ind2=" ">
    <subfield code="2">1st</subfield>
    <subfield code="a">MS 610.73677 TNA</subfield>
    <subfield code="b">TNAI</subfield>
  </datafield>
  <datafield tag="100" ind1=" " ind2=" ">
    <subfield code="a">TNAI  Pub.</subfield>
    <subfield code="9">217281</subfield>
  </datafield>
  <datafield tag="245" ind1=" " ind2=" ">
    <subfield code="a">Medical  Surgical Nursing : Nursing Process Approach Vol.2</subfield>
  </datafield>
  <datafield tag="250" ind1=" " ind2=" ">
    <subfield code="a">1st</subfield>
  </datafield>
  <datafield tag="260" ind1=" " ind2=" ">
    <subfield code="b">TNAI </subfield>
    <subfield code="c">2024</subfield>
    <subfield code="a">New Delhi</subfield>
  </datafield>
  <datafield tag="300" ind1=" " ind2=" ">
    <subfield code="a">1013p (911p to1923p) </subfield>
    <subfield code="b">pb</subfield>
    <subfield code="c">28x21cm</subfield>
  </datafield>
  <datafield tag="365" ind1=" " ind2=" ">
    <subfield code="a">Rupaye</subfield>
    <subfield code="b">1475</subfield>
    <subfield code="c">INR</subfield>
  </datafield>
  <datafield tag="500" ind1=" " ind2=" ">
    <subfield code="a">Medical  Surgical Nursing</subfield>
  </datafield>
  <datafield tag="521" ind1=" " ind2=" ">
    <subfield code="a">Medical Surgical: Vol.2
Nursing Process Approch</subfield>
  </datafield>
  <datafield tag="650" ind1=" " ind2=" ">
    <subfield code="a">Medical  Surgical Nursing</subfield>
    <subfield code="9">217282</subfield>
  </datafield>
  <datafield tag="651" ind1=" " ind2=" ">
    <subfield code="a">Medical  Surgical Nursing</subfield>
    <subfield code="9">217283</subfield>
  </datafield>
  <datafield tag="942" ind1=" " ind2=" ">
    <subfield code="c">BK</subfield>
  </datafield>
  <datafield tag="999" ind1=" " ind2=" ">
    <subfield code="c">369100</subfield>
    <subfield code="d">369100</subfield>
  </datafield>
  <datafield tag="952" ind1=" " ind2=" ">
    <subfield code="0">0</subfield>
    <subfield code="1">0</subfield>
    <subfield code="2">ddc</subfield>
    <subfield code="4">0</subfield>
    <subfield code="7">0</subfield>
    <subfield code="8">MS</subfield>
    <subfield code="a">BTIN</subfield>
    <subfield code="b">BTIN</subfield>
    <subfield code="d">2025-11-17</subfield>
    <subfield code="e">TNAI Publication</subfield>
    <subfield code="g">885.00</subfield>
    <subfield code="l">0</subfield>
    <subfield code="o">MS 610.73677 TNA B11803</subfield>
    <subfield code="p">BTIN-BK-11803</subfield>
    <subfield code="r">2025-11-17 00:00:00</subfield>
    <subfield code="t">40%</subfield>
    <subfield code="v">1475.00</subfield>
    <subfield code="w">2025-10-16</subfield>
    <subfield code="y">BK</subfield>
    <subfield code="z">BTIN-BK-11803</subfield>
  </datafield>
  <datafield tag="952" ind1=" " ind2=" ">
    <subfield code="0">0</subfield>
    <subfield code="1">0</subfield>
    <subfield code="2">ddc</subfield>
    <subfield code="4">0</subfield>
    <subfield code="7">0</subfield>
    <subfield code="8">MS</subfield>
    <subfield code="a">BTIN</subfield>
    <subfield code="b">BTIN</subfield>
    <subfield code="d">2025-11-17</subfield>
    <subfield code="e">TNAI Publication</subfield>
    <subfield code="g">885.00</subfield>
    <subfield code="l">0</subfield>
    <subfield code="o">MS 610.73677 TNA B11802</subfield>
    <subfield code="p">BTIN-BK-11802</subfield>
    <subfield code="r">2025-11-17 00:00:00</subfield>
    <subfield code="t">40%</subfield>
    <subfield code="v">1475.00</subfield>
    <subfield code="w">2025-10-16</subfield>
    <subfield code="y">BK</subfield>
    <subfield code="z">BTIN-BK-11802</subfield>
  </datafield>
  <datafield tag="952" ind1=" " ind2=" ">
    <subfield code="0">0</subfield>
    <subfield code="1">0</subfield>
    <subfield code="2">ddc</subfield>
    <subfield code="4">0</subfield>
    <subfield code="7">0</subfield>
    <subfield code="8">MS</subfield>
    <subfield code="a">BTIN</subfield>
    <subfield code="b">BTIN</subfield>
    <subfield code="d">2025-11-17</subfield>
    <subfield code="e">TNAI Publication</subfield>
    <subfield code="g">885.00</subfield>
    <subfield code="l">0</subfield>
    <subfield code="o">MS 610.73677 TNA B11806</subfield>
    <subfield code="p">BTIN-BK-11806</subfield>
    <subfield code="r">2025-11-19 00:00:00</subfield>
    <subfield code="t">40%</subfield>
    <subfield code="v">1475.00</subfield>
    <subfield code="w">2025-10-16</subfield>
    <subfield code="y">BK</subfield>
    <subfield code="z">BTIN-BK-11806</subfield>
  </datafield>
  <datafield tag="952" ind1=" " ind2=" ">
    <subfield code="0">0</subfield>
    <subfield code="1">0</subfield>
    <subfield code="2">ddc</subfield>
    <subfield code="4">0</subfield>
    <subfield code="7">0</subfield>
    <subfield code="8">MS</subfield>
    <subfield code="a">BTIN</subfield>
    <subfield code="b">BTIN</subfield>
    <subfield code="d">2025-11-17</subfield>
    <subfield code="e">TNAI Publication</subfield>
    <subfield code="g">885.00</subfield>
    <subfield code="l">0</subfield>
    <subfield code="o">MS 610.73677 TNA B11811</subfield>
    <subfield code="p">BTIN-BK-11811</subfield>
    <subfield code="r">2025-11-19 00:00:00</subfield>
    <subfield code="t">40%</subfield>
    <subfield code="v">1475.00</subfield>
    <subfield code="w">2025-10-16</subfield>
    <subfield code="y">BK</subfield>
    <subfield code="z">BTIN-BK-11811</subfield>
  </datafield>
  <datafield tag="952" ind1=" " ind2=" ">
    <subfield code="0">0</subfield>
    <subfield code="1">0</subfield>
    <subfield code="2">ddc</subfield>
    <subfield code="4">0</subfield>
    <subfield code="7">0</subfield>
    <subfield code="8">MS</subfield>
    <subfield code="a">BTIN</subfield>
    <subfield code="b">BTIN</subfield>
    <subfield code="d">2025-11-17</subfield>
    <subfield code="e">217</subfield>
    <subfield code="g">885.00</subfield>
    <subfield code="l">0</subfield>
    <subfield code="o">MS 610.73677 TNA B11807</subfield>
    <subfield code="p">BTIN-BK-11807</subfield>
    <subfield code="r">2025-11-19 00:00:00</subfield>
    <subfield code="t">40%</subfield>
    <subfield code="v">1475.00</subfield>
    <subfield code="w">2025-10-16</subfield>
    <subfield code="y">BK</subfield>
    <subfield code="z">BTIN-BK-11807</subfield>
  </datafield>
  <datafield tag="952" ind1=" " ind2=" ">
    <subfield code="0">0</subfield>
    <subfield code="1">0</subfield>
    <subfield code="2">ddc</subfield>
    <subfield code="4">0</subfield>
    <subfield code="7">0</subfield>
    <subfield code="8">MS</subfield>
    <subfield code="a">BTIN</subfield>
    <subfield code="b">BTIN</subfield>
    <subfield code="d">2025-11-17</subfield>
    <subfield code="e">TNAI Publication</subfield>
    <subfield code="g">885.00</subfield>
    <subfield code="l">0</subfield>
    <subfield code="o">MS 610.73677 TNA B11804</subfield>
    <subfield code="p">BTIN-BK-11804</subfield>
    <subfield code="r">2025-11-19 00:00:00</subfield>
    <subfield code="t">40%</subfield>
    <subfield code="v">1475.00</subfield>
    <subfield code="w">2025-10-16</subfield>
    <subfield code="y">BK</subfield>
    <subfield code="z">BTIN-BK-11804</subfield>
  </datafield>
  <datafield tag="952" ind1=" " ind2=" ">
    <subfield code="0">0</subfield>
    <subfield code="1">0</subfield>
    <subfield code="2">ddc</subfield>
    <subfield code="4">0</subfield>
    <subfield code="7">0</subfield>
    <subfield code="8">MS</subfield>
    <subfield code="a">BTIN</subfield>
    <subfield code="b">BTIN</subfield>
    <subfield code="d">2025-11-17</subfield>
    <subfield code="e">TNAI Publication</subfield>
    <subfield code="g">885.00</subfield>
    <subfield code="l">1</subfield>
    <subfield code="o">MS 610.73677 TNA B11808</subfield>
    <subfield code="p">BTIN-BK-11808</subfield>
    <subfield code="q">2026-05-15</subfield>
    <subfield code="r">2026-05-08 11:20:34</subfield>
    <subfield code="s">2026-05-08</subfield>
    <subfield code="v">1475.00</subfield>
    <subfield code="w">2025-10-16</subfield>
    <subfield code="y">BK</subfield>
    <subfield code="z">BTIN-BK-11808</subfield>
  </datafield>
  <datafield tag="952" ind1=" " ind2=" ">
    <subfield code="0">0</subfield>
    <subfield code="1">0</subfield>
    <subfield code="2">ddc</subfield>
    <subfield code="4">0</subfield>
    <subfield code="7">0</subfield>
    <subfield code="8">MS</subfield>
    <subfield code="a">BTIN</subfield>
    <subfield code="b">BTIN</subfield>
    <subfield code="d">2025-11-17</subfield>
    <subfield code="e">217</subfield>
    <subfield code="g">885.00</subfield>
    <subfield code="l">0</subfield>
    <subfield code="o">MS 610.73677 TNA B11805</subfield>
    <subfield code="p">BTIN-BK-11805</subfield>
    <subfield code="r">2025-11-19 00:00:00</subfield>
    <subfield code="t">40%</subfield>
    <subfield code="v">1475.00</subfield>
    <subfield code="w">2025-10-16</subfield>
    <subfield code="y">BK</subfield>
    <subfield code="z">BTIN-BK-11805</subfield>
  </datafield>
  <datafield tag="952" ind1=" " ind2=" ">
    <subfield code="0">0</subfield>
    <subfield code="1">0</subfield>
    <subfield code="2">ddc</subfield>
    <subfield code="4">0</subfield>
    <subfield code="7">0</subfield>
    <subfield code="8">MS</subfield>
    <subfield code="a">BTIN</subfield>
    <subfield code="b">BTIN</subfield>
    <subfield code="d">2025-11-17</subfield>
    <subfield code="e">TNAI Publication</subfield>
    <subfield code="g">885.00</subfield>
    <subfield code="l">1</subfield>
    <subfield code="o">MS 610.73677 TNA B11809</subfield>
    <subfield code="p">BTIN-BK-11809</subfield>
    <subfield code="r">2026-03-10 16:24:00</subfield>
    <subfield code="s">2026-02-27</subfield>
    <subfield code="t">40%</subfield>
    <subfield code="v">1475.00</subfield>
    <subfield code="w">2025-10-16</subfield>
    <subfield code="y">BK</subfield>
    <subfield code="z">BTIN-BK-11809</subfield>
  </datafield>
  <datafield tag="952" ind1=" " ind2=" ">
    <subfield code="0">0</subfield>
    <subfield code="1">0</subfield>
    <subfield code="2">ddc</subfield>
    <subfield code="4">0</subfield>
    <subfield code="7">0</subfield>
    <subfield code="8">MS</subfield>
    <subfield code="a">BTIN</subfield>
    <subfield code="b">BTIN</subfield>
    <subfield code="d">2025-11-17</subfield>
    <subfield code="e">TNAI Publication</subfield>
    <subfield code="g">885.00</subfield>
    <subfield code="l">0</subfield>
    <subfield code="o">MS 610.73677 TNA B11810</subfield>
    <subfield code="p">BTIN-BK-11810</subfield>
    <subfield code="r">2025-11-19 00:00:00</subfield>
    <subfield code="t">40%</subfield>
    <subfield code="v">1475.00</subfield>
    <subfield code="w">2025-10-16</subfield>
    <subfield code="y">BK</subfield>
    <subfield code="z">BTIN-BK-11810</subfield>
  </datafield>
</record>
